Statistics for Biggest Cities in Tennessee

Click here to take the quiz!

General Stats

  • This quiz has been taken 8,871 times
    (3,392 since last reset)
  • The average score is 7 of 20

Answer Stats

Population City % Correct
667,560Nashville /
Davidson County
98%
652,236Memphis
95%
187,347Knoxville
74%
179,139Chattanooga
66%
136,372Murfreesboro
39%
66,847Jackson
36%
153,205Clarksville
33%
66,391Johnson City
31%
78,321Franklin
31%
53,374Kingsport
20%
42,667Brentwood
18%
39,141Germantown
18%
57,517Hendersonville
18%
44,483Cleveland
17%
50,286Collierville
15%
38,266Columbia
15%
49,969Smyrna
14%
37,351Gallatin
13%
59,102Bartlett
13%
39,602Spring Hill
11%

Score Distribution

Percentile by Number Answered

Percent of People with Each Score

Your Score History

You have not taken this quiz since the last reset